The Weeknd: Every Unreleased Song - Statistics

General Stats
  • This quiz has been taken 330 times
    302 since last reset
  • The average score is 8 of 52
Answer Stats
Year Song % Correct
2009 Birthday Suit
66%
2009 Do It
47%
2009 X-Ray
42%
2012 Enemy
41%
2009 Rescue You
39%
2011 Trust Issues (Remix)
37%
2009 Appointment
33%
2009 Material Girl
28%
2019 Let Me Go
26%
2009 Superhero
25%
2009 Love Through Her
24%
2020 Antoine
22%
2017 Down Low
22%
2013 For Your Eyes
20%
2009 Cure
19%
2013 Heavenly Creatures (These Girls) V2
19%
2013 Heavenly Creatures V1
18%
2016 Out Here
16%
2013 Another One Of Me
15%
2016 Ebony
15%
2009 In the Mood ft. Bullez N Nerdz
15%
2011 The Delay
13%
2007 Get In There
12%
2016 Insomnia
12%
2016 Quatre Neuf
12%
2013 Angel Face
11%
2013 Crazy Sexy
10%
2014 King Of The Fall
10%
2009 Our Love
10%
2015 Be Amazing Be God
8%
2016 I Wanna Feel You
8%
2016 Lonely Thoughts
8%
2018 Patient
8%
2018 All Day Love
7%
2011 Party
7%
2015 Serve This Royalty
7%
2016 Win My Love
7%
2008 Godzilla ft. Bullez N Nerdz & Jesse Ray
6%
2015 Half Measure
6%
2008 Have You Tonight ft. Majes D
6%
2016 It's Ending
6%
2013 Money Power Glory ft. Lana Del Rey
6%
2016 How Will I Know
5%
2015 I'm Gone (Tell Your Friends Demo)
4%
2008 Krispy ft. Bullez N Nerdz, Rex B Mental
4%
2016 Danny Boy Styles
3%
2008 Drugs In My Body ft. Thieves Like Us
3%
2016 Motionless (Wild Love Demo)
3%
2008 One Night Stand
3%
2016 Wanna See A Secret
3%
2008 When the Grip Hits ft. Bullez N Nerdz & Rex B Mental
2%
2015 Girls Born In the 90s (Acquainted Demo)
1%
No matching quizzes found
Score Distribution
Percent of People with Each Score
Percentile by Number Answered
Your Score History
You have not taken this quiz since the last reset